000 00284nam a22001217a 4500
008 170712b xxu||||| |||| 00| 0 eng d
041 _aeng
080 _a05
100 _a26
101 _aenc
245 _aHOW TO USE MODERN PLASTICS ENCYCLOPEDIA
_cKLINE.G.M
942 _2udc
_cBK
999 _c20239
_d20239